All FCS College Football Teams - Statistics

General Stats
  • This quiz has been taken 23 times
  • The average score is 70 of 126
Answer Stats
Mascot Answer % Correct
Grizzlies Montana
83%
Flying Hawks North Dakota
83%
Coyotes South Dakota
83%
Jackrabbits South Dakota State
83%
Big Green Dartmouth
78%
Crimson Harvard
78%
Vandels Idaho
78%
Bengals Idaho State
78%
Black Bears Maine
78%
Bobcats Montana State
78%
Bison North Dakota State
78%
Great Danes Albany
72%
Lions Columbia
72%
Big Red Cornell
72%
Rattlers Florida A&M
72%
Redbirds Illinois State
72%
Wildcats New Hampshire
72%
Lumberjacks Northern Arizona
72%
Quakers Penn
72%
Tigers Princeton
72%
Rams Rhode Island
72%
Bulldogs Yale
72%
Mocs Chattanooga
67%
Hornets Delaware State
67%
Bulldogs Drake
67%
Eagles Eastern Washington
67%
Paladins Furman
67%
Hoyas Georgetown
67%
Tigers Grambling State
67%
Sycamores Indiana State
67%
Delta Devils Mississippi Valley State
67%
Bears Northern Colorado
67%
Jaguars Southern
67%
Texans Tarleton State
67%
Penguins Youngstown State
67%
Wildcats Abilene Christian
61%
Governors Austin Peay
61%
Bears Brown
61%
Bulldods Butler
61%
Colonels Eastern Kentucky
61%
Tigers Jackson State
61%
Mountain Hawks Lehigh
61%
Racers Murray State
61%
Panthers Northern Iowa
61%
Vikings Portland State
61%
Toreros San Diego
61%
Bulldogs South Carolina State
61%
Bulldogs The Citadel
61%
Braves Alcorn State
56%
Panthers Eastern Illinois
56%
Cardinals Incarnate Word
56%
Leopards Lafayette
56%
Cardinals Lamar
56%
Bears Mercer
56%
Bears Morgan State
56%
Spartans Norfolk State
56%
Aggies North Carolina A&T
56%
Demons Northwestern State
56%
Panthers Prairie View A&M
56%
Spiders Richmond
56%
Salukis Southern Illinois
56%
Lumberjacks | Thunderbirds Southern Utah
56%
Keydets VMI
56%
Leathernecks Western Illinois
56%
Bulldogs Alabama A&M
50%
Hornets Alabama State
50%
Golden Lions Arkansas Pine-Bluff
50%
Wildcats Bethune-Cookman
50%
Bulldogs Bryant
50%
Bison Bucknell
50%
Bears Central Arkansas
50%
Blue Devils Central Connecticut
50%
Flyers Dayton
50%
Dukes Duquesne
50%
Pheonix Elon
50%
Rams Fordham
50%
Runnin' Bulldogs Gardner-Webb
50%
Crusaders Holy Cross
50%
Huskies Houston Cristian
50%
Red Foxes Marist
50%
Lions North Alabama
50%
Blue Hose Presbyterian
50%
Hornets Sacramento State
50%
Tigers Texas Southern
50%
Beacons Valparaiso
50%
Tribe William & Mary
50%
Terriors Wofford
50%
Mustangs Cal Poly
44%
Fighting Camels Campbell
44%
Buccaneers Charleston Southern
44%
Wildcats Davidson
44%
Buccaneers East Tennessee State
44%
Pirates Hampton
44%
Sharks LIU
44%
Cowboys McNeese
44%
Eagles Morehead State
44%
Colonels Nicholls
44%
Eagles North Carolina Central
44%
Red Flash Saint Francis
44%
Tommies Saint Thomas
44%
Bulldogs Samford
44%
Redhawks Southeast Missouri State
44%
Seawolves Stony Brook
44%
Tigers Tennessee State
44%
Tigers Towson
44%
Aggies UC Davis
44%
Trailblazers Utah Tech
44%
Wildcats Villanova
44%
Wildcats Weber State
44%
Lions East Texas A&M
39%
Bison Howard
39%
Lions Lindenwood
39%
Warriors Merrimack
39%
Hawks Monmouth
39%
Colonials Robert Morris
39%
Hatters Stetson
39%
Golden Eagles Tennessee Tech
39%
Catamounts Western Carolina
39%
Raiders Colgate
33%
Pioneers Sacred Heart
33%
Lions Southeastern Louisiana
33%
Skyhawks Stonehill
33%
Skyhawks UT Martin
33%
Seahawks Wagner
33%
Vaqueros UT Rio Grande Valley
17%
No matching quizzes found
Score Distribution
Percent of People with Each Score
Percentile by Number Answered
Your Score History
You have not taken this quiz